One Piece - Les 10 meilleurs de ... #3 - Statistiques

Statistiques générales
  • Ce quiz a été pris 237 fois
  • Le résultat moyen est 21 sur 40
Statistiques - réponses
Réponse % Correct
Fluide royal Monkey D. Luffy
98%
Plus Belle Femme Nami
95%
Plus Belle Femme Nico Robin
93%
Fluide royal Charlotte Linlin
92%
Fluide royal Shanks
91%
Antagoniste Shanks
91%
Fluide royal Kaido
90%
Antagoniste Kaido
90%
Plus Belle Femme Boa Hancock
88%
Fluide royal Gol D. Roger
86%
Fluide royal Edward Newgate
83%
Antagoniste Don Quichotte Doflamingo
81%
Fluide royal Charlotte Katakuri
73%
Antagoniste Charlotte Katakuri
73%
Fluide royal Monkey D. Garp
70%
Antagoniste Marshall D. Teach
69%
Antagoniste Crocodile
67%
Antagoniste Sakazuki Akainu
66%
Fluide royal Silvers Rayleigh
60%
Plus Belle Femme Rebecca
56%
Antagoniste Baggy
48%
Antagoniste Ener
47%
Antagoniste Kuzan Aokiji
45%
Fluide royal Kozuki Oden
38%
Plus Belle Femme Yamato
34%
Combat Luffy / Kaido
33%
Combat Zoro / King
30%
Plus Belle Femme Charlotte Pudding
29%
Combat Luffy / Katakuri
29%
Combat Luffy / Doflamingo
28%
Combat Luffy / Lucci
27%
Plus Belle Femme Jewelry Bonney
26%
Plus Belle Femme Perona
25%
Combat Sanji / Queen
24%
Plus Belle Femme Stussy
19%
Plus Belle Femme Kozuki Hiyori
17%
Combat Law ( Kid ) / Big Mom
13%
Combat Robin / Black Maria
9%
Combat Franky / Señor Pink
8%
Combat Zoro / Killer
5%
Aucun quiz correspondant
Distribution des résultats
% des personnes avec chaque résultat
Percentile par nombre de réponses
Votre historique - résultats
Vous n’avez pas pris ce quiz